| 000 | 00930nam a22002777a 4500 | ||
|---|---|---|---|
| 001 | BRCA_9344 | ||
| 003 | FranzMayer | ||
| 005 | 20230918121300.0 | ||
| 008 | 230825b |||||||| |||| 00| 0 eng d | ||
| 040 |
_aMFM _besp _cMFM |
||
| 050 |
_aNC17.M6 _b.B36 2010 |
||
| 110 | 1 |
_4Responsable _aBanamex _929235 |
|
| 240 |
_aCien por ciento diseño _hDesign Week 2010 _lEspañol |
||
| 245 | 0 |
_aCien por ciento diseño _bDesign Week 2010 |
|
| 260 |
_aMéxico _bBanamex _c2010 |
||
| 300 |
_a1 v _blustraciones a color _c23 cm |
||
| 500 | _aAnexo 1 | ||
| 500 | _aEl material no se encuentra numerado | ||
| 500 | _aEl material no tiene ISBN | ||
| 505 | _aTexto en: españolDirigido a: diseñadores y artistas. | ||
| 650 | 1 |
_2Diseño _aExhibiicones _vMéxico _929236 |
|
| 651 | 2 |
_2Semana del diseño 2010 _aDesign Week 2010 _929237 |
|
| 710 | 1 |
_4Resp. _aCAD Mexico _929238 |
|
| 710 | 1 |
_4Resp. _aBMW Group Mexico _929239 |
|
| 942 |
_2lcc _cB |
||
| 999 |
_c10966 _d10966 |
||